Quiz Smerfy - Statystyki

Ogólne statystyki
  • Ten quiz został rozwiązany 57 razy
  • Średni wynik to 4 z 7
Statystyki odpowiedzi
Hint Odpowiedź % Poprawnych
Dowódca Papa Smerf
100%
Mądrala Ważniak
76%
Żarłok Łasuch
62%
Leniwiec Śpioch
60%
Żartowniś Zgrywus
60%
Debil Ciamajda
48%
Dziewczyny Smerfetka,Wierzbinka, Gradobitka, Lolijka
2%
Nie znaleziono quizów pasujących do podanych kryteriów
Rozkład punktacji
Procent ludzi z każdym wynikiem
Percentyl według liczby udzielonych odpowiedzi
Twoja historia wyników
Nie rozwiązałeś tego quizu